000 00523nam a2200157 4500
001 126562
003 ES-MaACL
005 20230906192836.0
007 t|
008 070214s1930 mx r ||||1| spa d
111 0 0 _aReunión Nacional de Estadística (
_cMéxico (
_d1930 (
_n. 2ª)
_9964
245 1 0 _aSegunda Reunión Nacional de Estadística
_b: 30 de diciembre de 1929 a 8 de enero de 1930 : memoria.
260 _aMéxico :
_b[s.n.],
_c1930 (
_fImp. Mundial)
300 _a262 p. ;
_c23 cm.
852 _aES-MaACL
_jA-3993
999 _c126562
_d126562